Физико-химия сплавов и тугоплавких соединений с торием и ураном

Бібліографічні деталі
Співавтор: Академия наук СССР (АН СССР) Институт металлургии им. А. А. Байкова (ИМЕТ)
Інші автори: Иванов О. С. Олег Сергеевич (редактор)
Резюме:Загл. указано на пер.
Мова:Російська
Опубліковано: Москва, Наука, 1968
Предмети:
Формат: Книга
KOHA link:https://koha.lib.tpu.ru/cgi-bin/koha/opac-detail.pl?biblionumber=93744

MARC

LEADER 00000nam0a2200000 4500
001 93744
005 20231031105336.0
035 |a (RuTPU)RU\TPU\book\100357 
090 |a 93744 
100 |a 20060401d1968 k y0rusy50 ca 
101 0 |a rus 
102 |a RU 
105 |a a z 001zy 
200 1 |a Физико-химия сплавов и тугоплавких соединений с торием и ураном  |f Академия наук СССР (АН СССР); Институт металлургии и материаловедения им. А. А. Байкова; под ред. О. С. Иванова 
210 |a Москва  |c Наука  |d 1968 
215 |a 234 с.  |c ил. 
300 |a Загл. указано на пер. 
320 |a Библиогр. в конце ст. 
610 1 |a ториевые сплавы 
610 1 |a физико-химический анализ 
610 1 |a урановые сплавы 
610 1 |a тугоплавкие соединения 
610 1 |a строение 
610 1 |a превращения 
610 1 |a свойства 
610 1 |a состояния 
610 1 |a взаимодействие 
610 1 |a сборники 
675 |a 621.7м298  |v 3 
675 |a 621.7м299  |v 3 
702 1 |a Иванов  |b О. С.  |g Олег Сергеевич  |4 340 
712 0 2 |a Академия наук СССР (АН СССР)  |b Институт металлургии им. А. А. Байкова (ИМЕТ)  |c (Москва)  |2 stltpush  |3 (RuTPU)RU\TPU\col\312 
801 1 |a RU  |b 63413507  |c 20060401  |g PSBO 
801 2 |a RU  |b 63413507  |c 20071126  |g PSBO 
942 |c BK